LDR 00905naa#a2200205#i#450# 001 RU\\bibl\118719 005 20260417095956.5 011 ## _a1994-4683 100 ## _a20230428b2023####ek#y0rusy0150####ca 102 ## _aRU 200 1# _aИЗУЧЕНИЕ МЕЖЛИЧНОСТНЫХ ОТНОШЕНИЙ В СТУДЕНЧЕСКОЙ ГРУППЕ _eЖурнальная статья 210 1# _aМосква _cНациональный государственный Университет физической культуры, спорта и здоровья им. П.Ф. Лесгафта _d2023 215 ## _a4 с. 608 ## _aЖурнальная статья _2local 675 ## _aОрганизация учебной работы. 378.14 _z 700 #1 _aМалышев _gА В 700 #1 _aШарагин _gВ И 700 #1 _aРоманова _gА В 700 #1 _aРазживин _gО А 856 4# _auchzapiski.lesgaft.spb.ru _u